000 00962nam a2200277Ia 4500
001 20837
003 GE_BSU
008 181216s||||||||xx |||||||||||||| ||und||
010 _a9789941114687
040 _cGE_BSU
080 _a821.111(71)-31
100 _aეტვუდი, მ. (მარგარეტ),
245 _aბრმა მკვლელი
245 _b[რომანი]
245 _cმთარგმნ. თამარ ჯაფარიძე ; რედ. ლალი ბაქრაძე ; დიზაინერი ნინო გურული.
260 _aთბილისი
260 _bდიოგენე
260 _c2014
300 _a867გვ;20სმ.
541 _h11ლ.68თ.
653 _aThe blind assassin.
653 _aСлепой убийца
653 _aბრმა მკვლელი
653 _aმხატვრული ლიტერატურა
942 _cBK
999 _c53787
_d53787